| 000 | 00594nam a2200205Ia 4500 | ||
|---|---|---|---|
| 003 | GCL | ||
| 008 | 140319s9999 xx 000 0 ara d | ||
| 040 |
_aGCL / _cGCL |
||
| 082 | 0 | 4 |
_a740 _bو ز |
| 100 | 1 | _aدليسون انما | |
| 245 | 1 | 0 |
_aالزخارف والرسومات الاسلامية / _cدليسون انما |
| 700 | 1 | _aامال مريود | |
| 260 |
_a[S.N] : _bمؤسسة الصالحانى للطباعة |
||
| 490 | _a | ||
| 650 | 0 | 4 | _aالفن |
| 650 | 0 | 4 | _aالرسم |
| 650 | 0 | 4 | _aالفن الزخرفى |
| 650 | 0 | 4 | _aالفن الاسلامى |
| 942 |
_2ddc _cBK |
||
| 999 |
_c35650 _d35650 |
||